000 00830nam a2200217 a 4500
005 20240911064515.0
008 991125s1982 mx 000 0 spa u
020 _a9685804729
035 _aUPN01000008125
049 _aCG
050 4 _aQ158.5 M6
_bR6.3
100 1 _aRodríguez Sala de Gómezgil, María Luisa
_929613
245 1 3 _aEl científico en México :
_bsu formación en el extranjero, su incorporación y adecuación al sistema ocupacional mexicano /
_cMa. Luisa Rodríguez Sala-Gómezgil, Adrián Chavero González.
260 _aMéxico :
_bUNAM, Dirección General de Publicaciones,
_c1982.
300 _a202 p.
440 0 _aSerie de estudios sobre la universidad
650 2 _aCientíficos
_97179
650 7 _aInvestigación
_zMéxico
_2
_98077
700 1 _aChavero González, Adrián,
_ecoaut.
905 _aLibro
999 _c8125
_d8125